[Event "Rubinstein Memorial"]
[Site "Polanica Zdroj"]
[Date "1992.??.??"]
[Round "8"]
[White "Kuczynski, Robert"]
[Black "Chernin, Alexander"]
[Result "0-1"]
[WhiteElo "2525"]
[BlackElo "2600"]
[Annotator "Stohl,I"]
[PlyCount "96"]
[EventDate "1992.08.??"]
[EventType "tourn"]
[EventRounds "11"]
[EventCountry "POL"]
[EventCategory "12"]
[SourceTitle "CBM 031"]
[Source "ChessBase"]
[SourceDate "1992.12.01"]
[SourceVersion "1"]
[SourceVersionDate "1992.12.01"]
[SourceQuality "1"]

1. e4 d6 2. Nc3 g6 3. d4 Bg7 4. Nf3 Nf6 5. Be2 O-O 6. O-O Bg4 7. Be3 (7. Bg5
Nc6 8. Qd2 a6 $6 (8... Nd7 $142 9. d5 Bxf3 10. Bxf3 Nd4 $13) 9. Rad1 b5 10. a3
Rb8 11. e5 $1 Ne8 12. h3 Bf5 13. Rfe1 f6 14. exf6 exf6 15. Bf4 d5 16. Bd3 $16 {
Wirthensohn,H-Landenbergue,C,SWZ-chI 1992-CBM 31}) 7... Nc6 8. Qd2 e5 9. d5 Ne7
10. Rad1 Bd7 (10... b5 11. a3 a5 12. b4 axb4 13. axb4 Ra3 14. Bxb5 Rxc3 $5 {N}
(14... Bxf3 15. gxf3 Nh5 $132) 15. Qxc3 Nxe4 16. Qb3 Bxf3 17. gxf3 Nf6 18. Rfe1
Nh5 19. Bf1 Nf5 20. Bh3 Qh4 $44 {Hellers,F-Hoi,C,Ostersund zt 1992-CBM 31}) 11.
Ne1 b5 12. a3 a5 (12... Nc8 $6 13. Bg5 Rb8 14. Nd3 a5 15. Qe3 Qe8 16. f4 $1 Ng4
17. Bxg4 Bxg4 18. Rde1 b4 19. axb4 axb4 20. Nb1 $36 {Brunner,L-McNab,C,Manila
olm 1992}) 13. Nd3 Qb8 14. f3 Rd8 $5 {N} (14... c6 15. dxc6 Bxc6 16. b4 axb4 $2
(16... d5 $142 17. Bc5 Re8 $13) 17. Nxb4 Rxa3 18. Nxc6 Nxc6 19. Nxb5 Ra2 20.
Bc4 $16 {Vogt,L-Bernard,C,Wildbad 1990-EXP 20}) 15. b4 (15. f4 $2 b4 $17) (15.
Bg5 c6 16. dxc6 Bxc6 17. b4 d5 $132) 15... axb4 16. Nxb4 $5 (16. axb4 c6 17.
dxc6 Bxc6 $10 {Pd5}) 16... Rxa3 17. Ra1 Rxa1 18. Rxa1 Be8 (18... c5 19. dxc6
Nxc6 20. Na6 $36 {P b5} (20. Nxb5 Nxb4 21. Qxb4 d5 $15)) 19. Ra6 (19. Ra7 $2 {
P a6+-} Bh6 $1 20. Qd3 (20. Bxh6 Qxa7+ 21. Kf1 Kh8 $1 $17 {P fg8}) (20. Na6 $2
Qxa7 $19) 20... Bxe3+ 21. Qxe3 c5 $1 22. dxc6 Nxc6 23. Nxc6 Bxc6 $17) 19... Rc8
{Pc5|^} 20. Nc6 $8 Bxc6 21. dxc6 b4 22. Nb5 (22. Ba7 $2 bxc3 $19) (22. Nd5
Nfxd5 23. exd5 b3 $1 $17) 22... d5 $1 $132 23. Bc5 (23. Ba7 Qa8 {<->c6}) (23.
Qxb4 $142 Re8 (23... Bf8 24. Qa4 d4 25. Bg5 $36) 24. Qa5 $13) 23... Re8 24.
Qxb4 Bf8 25. h3 $6 (25. Qa5 dxe4 26. Qxc7 (26. Nxc7 Qb1+ 27. Kf2 Rc8 $36) 26...
Qxc7 27. Nxc7 Rc8 28. Bxe7 Bxe7 29. Nb5 Nd5 30. fxe4 Nb4 $10) 25... Nh5 $1 26.
Nc3 Qd8 $36 27. exd5 (27. Bf1 $142 Nf4 28. Qb7 $132) 27... Nxd5 28. Nxd5 Qxd5
29. Bxf8 Rxf8 $17 30. Ra5 Qxc6 31. Rxe5 Qxc2 32. Kh2 (32. f4 $2 Qc1+ $19) 32...
Qc6 33. f4 Ng7 34. Bf3 Qf6 35. Bg4 (35. Qc4 Ne6 36. Re4 h5 $17) 35... h5 36.
Bf3 (36. Bd7 $142 Rd8 37. Re7 $17) 36... Ne6 37. Re4 Kg7 38. g3 Rd8 $19 {<-> h2
} 39. h4 c5 40. Qa5 Rb8 41. Bg2 Rb2 42. Qa8 Rd2 {P b2,c4-c3} 43. Qb8 Nd4 44.
Re3 $8 Nf5 45. Rf3 (45. Re8 Nxh4 46. Rg8+ Kh7 47. gxh4 Qxh4+ 48. Kg1 Qf2+ $19)
45... Qc6 $1 46. Qe5+ Kh7 47. Qc3 Rxg2+ 48. Kxg2 Nd4 {[Stohl]} (48... Nd4 49.
Kf2 Qxf3+ 50. Qxf3 Nxf3 51. Kxf3 Kg7 52. Ke4 Kf6 53. Kd5 Kf5 54. Kxc5 Kg4 $19)
0-1

[Event "St Petersburg op"]
[Site "St Petersburg"]
[Date "1994.??.??"]
[Round "7"]
[White "Kochyev, Alexander"]
[Black "Rustemov, Alexander"]
[Result "0-1"]
[WhiteElo "2475"]
[BlackElo "2435"]
[Annotator "Stohl,I"]
[PlyCount "88"]
[EventDate "1994.02.??"]
[EventType "swiss"]
[EventRounds "9"]
[EventCountry "RUS"]
[SourceTitle "CBM 041"]
[Source "ChessBase"]
[SourceDate "1994.08.01"]
[SourceVersion "1"]
[SourceVersionDate "1994.08.01"]
[SourceQuality "1"]

1. d4 d6 2. e4 Nf6 3. Nc3 g6 4. Nf3 Bg7 5. Be2 O-O 6. O-O Bg4 7. Be3 Nc6 8. d5
Bxf3 9. Bxf3 Ne5 10. Be2 c6 11. f4 (11. a4 a6 (11... a5 $5 $13) 12. a5 c5 13.
f4 Ned7 14. Bf3 Qc7 15. g4 b6 16. axb6 Nxb6 17. Qe2 Nfd7 18. Rxa6 Rxa6 19. Qxa6
Ra8 20. Qd3 $14 {Ulfarsson,M-Bjornsson,S/Reykjavik op/1994/}) 11... Ned7 12.
Kh1 $5 (12. Bf3 Qa5 (12... Nb6 $5 13. Qd3 Nfd7 14. Bd4 $6 Bxd4+ 15. Qxd4 cxd5
16. exd5 Rc8 17. Rf2 Nc4 18. b3 Na3 19. Re1 b5 20. Qxa7 Rxc3 21. Qxa3 Qb6 22.
Bd1 Nf6 $1 23. Qc1 Nxd5 24. Qd2 Qc5 $17 {Armas,I-Niboer,F/Wijk SON/1992/}) 13.
Qe1 cxd5 14. Nxd5 Qxe1 15. Raxe1 (15. Nxe7+ Kh8 16. Raxe1 Rfe8 $10) 15... Nxd5
16. exd5 Rfc8 17. Re2 Bxb2 18. Rb1 Bf6 19. Rxb7 Nc5 20. Rb4 Rab8 {1/2:1/2,
Skembris,S-Espig,L/Dortmund-B/1990/}) 12... a6 (12... Qa5 $5 13. Bf3 Rfc8 14.
Bd2 Rab8 15. Qe2 Qc7 16. Rae1 Nb6 17. b3 cxd5 18. exd5 Nfd7 19. Nb5 Qxc2 20.
Nxa7 Re8 21. Be3 Qxe2 22. Rxe2 e6 23. dxe6 Rxe6 24. Nb5 d5 25. Rfe1 Rc8 26. a4
Nc5 $132 {Petscher,K-Schlosser,M/OST-ch/1987/}) 13. a4 Qa5 14. Ra3 $1 Rfc8 15.
Bf3 (15. Rb3 $5 Qc7 $14 (15... Rab8 16. Ba7 Ra8 17. Rxb7 $1 c5 18. Qd3 {/\} Rc7
$2 19. Bb6 $1)) 15... cxd5 16. exd5 Rc4 $5 17. Re1 h5 18. Bd2 Bh6 $1 19. g3 (
19. b3 $2 Rxc3 $1 20. b4 Rxf3 $1 21. bxa5 Rxa3 $17) (19. Ne4 Qc7 $36) 19... Re8
20. Qe2 (20. Ne4 Qc7 21. Nxf6+ Nxf6 22. Bc3 Bg7 $10) 20... Qc7 21. Qd3 (21.
Raa1 $5 Bg7 $10) 21... Qc8 22. a5 Bg7 23. Kg2 (23. Re2 {/\Ra1-e1} Ng4 24. Ra4
Rc7 $1 $36) 23... Ng4 24. h3 Nh6 25. Re4 (25. Ra4 $5 Rc7 26. Raa1 $13) 25...
Rc7 26. Rb4 Nc5 27. Qf1 Nf5 {/\Nd4,[+],צa3,b4} 28. Ne2 e5 $5 29. dxe6 Qxe6 30.
Nc3 {/\Nd5|^} Bxc3 $1 31. Rxc3 d5 $36 {/\d4,Ne3,><b4,>>} 32. Rb6 Qd7 {/\Ne4,Na4
} 33. Qf2 Ne4 34. Bxe4 dxe4 $17 35. Rxc7 Qxc7 36. Bc3 (36. Be3 Qxc2 $1) 36...
e3 37. Qf3 (37. Qe2 $142 h4 38. g4 (38. Be5 Rxe5 $1 39. fxe5 Qxe5 $40) 38...
Ng3 39. Qf3 e2 40. Be1 $17) 37... e2 $19 38. Rxb7 (38. Be1 Nd4 39. Qxb7 Nxc2 $1
40. Qxc7 Nxe1+ 41. Kh1 Nd3 42. Rxg6+ fxg6 43. Qc4+ Kf8 $19) 38... Qxc3 $1 39.
Qxc3 e1=Q 40. Qxe1 Rxe1 41. g4 (41. Rb6 Re2+ 42. Kf3 Rxc2) 41... Re2+ 42. Kg1
Ng3 $5 (42... Nd4 $19) 43. c4 Rc2 44. b3 h4 $1 {/\Ne2-f4-h3} 0-1

[Event "Chalkidiki"]
[Site "Chalkidiki"]
[Date "1992.??.??"]
[Round "1"]
[White "Illescas Cordoba, Miguel"]
[Black "Stohl, Igor"]
[Result "1-0"]
[WhiteElo "2600"]
[BlackElo "2560"]
[Annotator "Stohl,I"]
[PlyCount "73"]
[EventDate "1992.09.??"]
[EventType "tourn"]
[EventRounds "11"]
[EventCountry "GRE"]
[EventCategory "14"]
[SourceTitle "CBM 032"]
[Source "ChessBase"]
[SourceDate "1993.02.01"]
[SourceVersion "1"]
[SourceVersionDate "1993.02.01"]
[SourceQuality "1"]

1. Nf3 g6 2. e4 Bg7 3. d4 d6 4. Be2 Nf6 5. Nc3 O-O 6. O-O Bg4 7. h3 (7. a4 $5
Nc6 8. d5 Nb4 $5 9. a5 Bd7 10. a6 bxa6 11. Bxa6 Nxa6 12. Rxa6 c6 $1 13. Be3 (
13. dxc6 Qc8 $132) 13... Qc8 14. Qa1 Qb7 15. Qa2 Nxe4 $1 16. Nxe4 cxd5 17. Nxd6
exd6 {1/2:1/2,Morovic,I-Chernin,A,Buenos Aires 1992,TD 92_05}) 7... Bxf3 8.
Bxf3 Nc6 9. Ne2 (9. Nb5 e5 10. c3 Kh8 11. Re1 a6 12. Na3 Ng8 13. Nc2 Qe8 14. a4
Rb8 15. a5 f5 16. exf5 gxf5 17. Bf4 Nge7 18. Bh5 Ng6 19. Bg5 Qf7 20. d5 Nce7
$13 {Tseitlin,Ma-Chernin,A,Beersheba 1992,CBM 30}) 9... e5 10. c3 Qe8 $5 (10...
Nd7 $5 11. Rb1 a5 12. Be3 a4 13. Qd3 Kh8 14. g3 $6 exd4 15. cxd4 $2 Nde5 $17 {
Kamsky,G-Azmaiparashvili,Z,Brussels SWIFT 1992,EXP 29}) (10... Re8 11. d5 Ne7
12. g3 (12. c4 Nd7 13. Be3 $6 f5 14. b4 fxe4 15. Bxe4 Nf5 16. Qd3 Rf8 17. c5
Nxe3 18. Qxe3 Qh4 19. cxd6 cxd6 20. Nc3 Bh6 $15 {Arkell,S-McNab,C,Lodon WFW
1989,CBM 13}) 12... Nd7 13. Bg2 a5 14. Bg5 Nc5 15. Rc1 a4 16. b4 axb3 17. axb3
h6 18. Be3 f5 19. f3 g5 20. Bf2 $14 {Horvath,Jo-Hoi,C,Budapest Noviki-A 1989,
CBM 15}) 11. d5 {N} (11. Re1 Rd8 12. d5 Ne7 13. c4 Nd7 14. Nc3 Nb6 15. Qd3 f5
16. Rb1 c6 17. Be3 Qf7 18. b4 cxd5 19. cxd5 Kh8 20. Red1 fxe4 $132 {Arkell,
S-Mishra,N,Eastbourne ch-GB 1991}) 11... Ne7 12. c4 Nd7 13. Nc3 f5 14. Rb1 (14.
b4 $6 a5 $15) 14... Nf6 (14... Kh8 {/\Ng8,Bh6<=>} 15. b4 b6 $5 (15... Ng8 $6
16. c5 $1 $36)) 15. b4 Kh8 (15... Qf7 $5 $13) 16. Qd3 (16. c5 fxe4 17. Bxe4 Nf5
$13) 16... Qf7 17. Rb3 (17. Bd2 $142 $14) 17... c6 $1 18. dxc6 $8 (18. exf5
gxf5 $17 {/\e4}) 18... Nxc6 19. Nb5 $1 (19. Be3 f4 20. Bc1 Nd4 21. Rb1 Rfc8 $36
) (19. exf5 gxf5 $5 (19... Nd4 20. fxg6 Qxg6 21. Ne4 $5 $44) 20. Bxc6 (20. Qxd6
Nd4 $17) 20... bxc6 21. Qxd6 Qxc4 $36 {[+],/\Nd5,Rad8}) (19. Qxd6 Nd4 $17)
19... fxe4 $8 20. Bxe4 Nxe4 21. Qxe4 Nd4 (21... Rad8 22. Be3 a6 23. Nc3 $16) (
21... d5 22. cxd5 Nd4 23. Nxd4 exd4 24. Rf3 $1 Qd7 25. Rxf8+ Rxf8 26. Re1 $18 {
/\Bb2}) 22. Nxd6 $1 (22. Nxd4 exd4 $1 $15 {><c4}) 22... Qe7 (22... Qe6 23. Nxb7
Nxb3 (23... Qxc4 24. Re1 $16) 24. axb3 Rab8 25. Nc5 $16) 23. c5 (23. Nxb7 $2
Nxb3 24. axb3 Qxb4 $17) 23... Nxb3 24. axb3 $44 Rad8 {/\Rd6=} (24... Qe6 $5 25.
Qc4 Qxc4 26. bxc4 Rab8 27. Be3 $44 {|^_|_}) 25. Rd1 (25. Qxb7 $6 Qxb7 26. Nxb7
Rd3 $15) 25... Qe6 26. Rd5 (26. Rd3 $5 $44) 26... b6 27. Be3 Rd7 $2 (27... Kg8
$6 28. Qc4 $1 $16 {/\c6+-}) (27... h6 $5 {/\} 28. f4 (28. Qd3 e4 $132) 28...
bxc5 29. bxc5 Rb8 $132) 28. f4 $1 bxc5 29. bxc5 Rb8 30. fxe5 Rxb3 31. c6 $18
Rc7 (31... Re7 32. Bg5 $18) 32. Nb5 Rc8 (32... Rxb5 33. Rxb5 $18) 33. c7 h6 (
33... Rxb5 34. Rd8+ $1 Bf8 35. Qf4 $18) (33... Rxe3 34. Rd8+ Bf8 35. Qxe3 $18)
34. Rd8+ Kh7 35. Nd4 Rxe3 36. Nxe6 (36. Qxe3 Qxe5 37. Qxe5 Bxe5 38. Rxc8 $18)
36... Rxe4 37. Rxc8 1-0

[Event "Linares 13th"]
[Site "Linares"]
[Date "1995.03.01"]
[Round "1"]
[White "Karpov, Anatoly"]
[Black "Shirov, Alexei"]
[Result "1/2-1/2"]
[WhiteElo "2780"]
[BlackElo "2710"]
[Annotator "Stohl,I"]
[PlyCount "96"]
[EventDate "1995.03.01"]
[EventType "tourn"]
[EventRounds "13"]
[EventCountry "ESP"]
[EventCategory "17"]
[SourceTitle "CBM 046"]
[Source "ChessBase"]
[SourceDate "1995.06.01"]
[SourceVersion "1"]
[SourceVersionDate "1995.06.01"]
[SourceQuality "1"]

1. d4 g6 2. e4 Bg7 3. Nf3 d6 4. Be2 Nf6 5. Nc3 O-O 6. O-O c6 7. Re1 Nbd7 8. e5
$5 (8. Bf4 Qa5 9. Nd2 $1 $14) 8... dxe5 9. dxe5 Ng4 10. e6 fxe6 11. h3 $5 $146
(11. Bc4 Nde5 12. Qxd8 Rxd8 13. Nxe5 Bxe5 14. h3 Bxc3 15. bxc3 Nf6 16. Bh6 Kf7
17. Bb3 a5 18. a4 b5 19. c4 bxc4 20. Bxc4 Rd4 21. Bb3 Nd5 22. Re5 Bd7 23. Rae1
$44 {Benjamin,J-Piket,J/Groningen PCA/1993/}) 11... Ngf6 (11... Nge5 $5 12. Ng5
Nb6 $13) 12. Bc4 Nd5 13. Ne4 $1 $44 (13. Rxe6 $6 N7b6 14. Bxd5 cxd5 $15 {[+]})
13... Ne5 (13... N7b6 14. Bb3 {/\Neg5->}) 14. Nxe5 Bxe5 15. Qe2 (15. Ng5 $5 Qc7
16. Qg4 $36) 15... Qb6 16. c3 (16. Ng5 $2 Rxf2 $1 17. Qxf2 Bd4 $17) 16... Bd7
17. Be3 (17. Ng5 Bg3 $13) 17... Nxe3 18. Qxe3 Bf4 19. Qc5 $5 (19. Qxb6 axb6 20.
Rad1 Bc8 $132 {/\Ra5-f5}) 19... Rae8 20. Qxb6 axb6 21. g3 Bh6 (21... Bc7 $2 22.
Ng5 $36) 22. f4 Kg7 {/\e5} 23. Nf2 g5 $8 24. fxg5 Bxg5 25. h4 Bf6 26. Bxe6 Bxe6
27. Rxe6 $14 Rd8 28. Rae1 Rd2 (28... h5 $6 29. Nh3 {><h5}) 29. R1e2 Rfd8 30.
Kg2 b5 31. Kf3 R2d5 (31... Rxe2 32. Kxe2 Kf7 33. Re3 $14) 32. R6e3 R8d7 33. Ne4
Kg6 34. Rh2 {/\g4} (34. Nxf6 $6 exf6 $10) 34... h5 $5 35. g4 c5 (35... hxg4+
$142 36. Kxg4 $14) 36. a3 (36. g5 Be5 37. Rhe2 $36) 36... c4 37. gxh5+ (37. g5
$5) 37... Kxh5 38. Ng3+ Kh6 39. Kf4 Rd1 40. Ree2 (40. Re6 R1d2 41. Rxd2 Rxd2
42. Ne4 Rxb2 43. Nxf6 exf6 44. Rxf6+ Kh5 45. Rb6 Rb3 $10) 40... R7d3 $132 41.
Ne4 Kh5 42. Ng3+ Kh6 43. h5 Rd5 {/\Rg5,Rdd5,Be5} 44. Re6 R1d2 45. Rhe2 Rxe2 46.
Rxe2 Kg7 $1 47. Nf5+ Kf7 48. Nh6+ (48. h6 e6 49. Ne3 Bg5+ $10) 48... Kg7 (48...
Kg7 49. Nf5+ Kf7 $10) 1/2-1/2

[Event "Leon"]
[Site "Leon"]
[Date "1994.??.??"]
[Round "4"]
[White "Gomez Esteban, Juan Mario"]
[Black "Azmaiparashvili, Zurab"]
[Result "1/2-1/2"]
[WhiteElo "2485"]
[BlackElo "2625"]
[Annotator "Stohl,I"]
[PlyCount "113"]
[EventDate "1994.05.??"]
[EventType "tourn"]
[EventRounds "9"]
[EventCountry "ESP"]
[EventCategory "12"]
[SourceTitle "CBM 042"]
[Source "ChessBase"]
[SourceDate "1994.10.01"]
[SourceVersion "1"]
[SourceVersionDate "1994.10.01"]
[SourceQuality "1"]

1. d4 {Franco} d6 2. e4 g6 3. Nf3 Bg7 4. Be2 Nf6 5. Nc3 Bg4 6. Be3 Nc6 7. h3 (
7. O-O e5 $5 8. dxe5 dxe5 9. Qxd8+ Nxd8 $1 10. h3 Bxf3 11. Bxf3 h5 12. Rad1 Ne6
13. Nd5 Nd7 14. h4 c6 15. Nc3 Bf6 16. g3 g5 17. hxg5 Bxg5 18. Bxg5 Nxg5 19. Rd3
Nc5 20. Re3 Rd8 21. Rd1 Rd4 22. Bg2 h4 $17 {razuvaev,Y-Azmaiparashvili,Z/Minsk
1L/1985/}) 7... Bxf3 8. Bxf3 e5 (8... O-O 9. O-O e5 10. dxe5 dxe5 (10... Nxe5
11. Be2 $14 {^^,()[+]}) 11. Ne2 Qe7 12. c3 Rfb8 $5 $10 {/\Qf8,h5,Bh6}) 9. d5 (
9. dxe5 dxe5 10. Ne2 h5 $5 {/\Bh6=}) 9... Ne7 10. Qd2 h5 $1 (10... O-O $6 11.
g4 {/\h4-h5->}) 11. O-O-O (11. h4 Nfg8 {/\Bh6,f5<=>}) 11... h4 (11... Qd7 $6
12. Be2 a6 13. f4 O-O-O 14. fxe5 dxe5 15. Kb1 Kb8 16. Rhf1 Nc8 17. Bg5 Qe7 18.
Bd3 Nd6 19. Qf2 Nde8 20. d6 $1 $36 {Dieterle,K-Majeed,H/Biel op-2/1993/}) 12.
Kb1 Neg8 $6 (12... Nfg8 $5 $13) 13. g4 $5 hxg3 14. fxg3 Bh6 15. Bxh6 Rxh6 (
15... Nxh6 16. g4 $1 Nhg8 17. g5 Nd7 18. Bg4 $36) 16. h4 $14 Rh7 17. g4 a6 18.
Ne2 (18. g5 $5 Nh5 19. Ne2 {/\Bh5,Ng3,h5|^} Qd7 20. Rdg1 $1 $36) 18... Qd7 19.
Rdg1 Qa4 $5 20. Nc3 (20. b3 Qa3 21. g5 Nd7 22. h5 gxh5 23. Rxh5 Rg7 $5 $10)
20... Qb4 (20... Qd4 $2 21. Qxd4 exd4 22. Ne2 $16) 21. h5 (21. g5 Nh5 $10)
21... gxh5 22. g5 $6 (22. gxh5 $1 {/\h6,Rg7} O-O-O (22... Nh6 23. Qg5 Nfg8 24.
Qxg8+ Nxg8 25. Rxg8+ Ke7 26. Rxa8 $18) 23. h6 Ne7 24. Rg7 $36) 22... Nd7 23.
Bxh5 O-O-O 24. Bg4 Rg7 $1 25. Qf2 Kb8 {/\Rg5} 26. Bxd7 Rxd7 27. Rh8 (27. Qf5 {
Franco}) 27... Qd4 $132 28. Qxd4 exd4 29. Ne2 Re7 30. Nxd4 (30. Rg4 Re5 31.
Nxd4 Rexg5 $10) 30... Rxe4 31. Nf5 Rg6 32. Nh6 Re8 33. b3 (33. Nxf7 Rf8 34. Nh6
(34. Rh7 {Franco} Nf6 35. Rh6 $1 $16) 34... Rxg5 $1 $10) (33. Kc1 $5 {Franco})
33... f6 $1 34. Rxg8 (34. Nxg8 Rexg8 {-34.Rg8} (34... fxg5 $2 35. Ne7 $19))
34... Rexg8 35. Nxg8 Rxg8 36. g6 Kc8 37. Kc1 Kd7 38. Kd2 Ke7 39. Ke3 Kf8 40.
Kf4 Kg7 41. c4 (41. Kf5 $6 Re8 $36) 41... Re8 42. a4 a5 43. Rg3 Re1 44. Kf5 Re2
(44... Re5+ 45. Kf4 $10) 45. Kf4 Rf2+ 46. Ke3 Rf5 47. Ke4 Rg5 $5 (47... Re5+
48. Kf4 $10) 48. Rxg5 fxg5 49. Kf5 g4 50. Kf4 $5 (50. Kxg4 Kxg6 51. Kf4 Kf6 52.
Ke4 Kg5 53. Ke3 $10) 50... Kf6 51. Kg3 Kxg6 52. Kxg4 Kf6 53. Kf4 c5 (53... b6
54. Ke4 Kg5 55. Ke3 Kg4 56. Ke4 $10) 54. Kg4 Kg6 $10 (54... Ke5 $2 55. Kg5 $18)
55. Kf4 Kf6 56. Kg4 Kg6 57. Kf4 1/2-1/2

[Event "Rishon Le Ziyyon"]
[Site "Rishon Le Ziyyon"]
[Date "1994.??.??"]
[Round "4"]
[White "Sutovsky, Emil"]
[Black "Beim, Valery"]
[Result "1/2-1/2"]
[WhiteElo "2480"]
[BlackElo "2545"]
[Annotator "Stohl,I"]
[PlyCount "130"]
[EventDate "1994.11.??"]
[EventType "tourn"]
[EventRounds "11"]
[EventCountry "ISR"]
[EventCategory "11"]
[SourceTitle "CBM 045"]
[Source "ChessBase"]
[SourceDate "1995.04.01"]
[SourceVersion "1"]
[SourceVersionDate "1995.04.01"]
[SourceQuality "1"]

1. e4 d6 2. d4 Nf6 3. Nc3 g6 4. Nf3 Bg7 5. Be2 O-O 6. O-O c6 7. e5 (7. a4 a5 8.
h3 Qc7 (8... Na6 $5) 9. Bf4 Nh5 10. Be3 e5 11. Qd2 Na6 12. Rad1 Re8 13. dxe5
dxe5 14. Bc4 Nf4 15. Bxf4 exf4 16. e5 Bf5 17. Ng5 Re7 18. Qxf4 Qxe5 19. Qxe5
Bxe5 20. Rfe1 Rae8 21. Rxe5 $1 Rxe5 22. Bxf7+ Kg7 23. Bxe8 Rxe8 24. g4 $16 {
Rozentalis,E-Hjartarson,J/Tilburg 20'/1994/}) (7. h3 Nbd7 8. a4 e5 9. dxe5 dxe5
10. Bc4 Qe7 11. b3 Nc5 12. Ba3 a5 13. Qd2 Nh5 14. Rad1 Nf4 15. Ne2 Nfe6 16. Qe3
b6 17. Bb2 Qc7 18. Rd2 Rb8 19. Ba3 Rd8 20. Bxe6 Nxe6 21. Rfd1 Rxd2 22. Qxd2 c5
23. Nc3 Bb7 $10 {Bosboom,M-Van Wely,L/Leeuwarden op/1993/}) (7. Re1 Nbd7 8. Bf4
Qa5 9. Nd2 $1 Qc7 10. d5 $5 Nb6 11. Bf3 e5 (11... Nfd7 $5 $132) 12. dxe6 Bxe6
13. a4 a5 14. Be2 Nfd7 15. Nf3 Ne5 16. Nd4 Bc4 17. Bxc4 Nexc4 18. b3 Ne5 19.
Qd2 Nbd7 20. Bh6 Rfe8 21. Rad1 $14 {Brodskij,M-Korotylev,A/St.Petersburg op/
1993/}) 7... dxe5 8. Nxe5 Bf5 $1 (8... Nbd7 9. Bf4 Nxe5 10. Bxe5 Nd5 11. Nxd5
Bxe5 12. dxe5 Qxd5 13. Qxd5 cxd5 14. Rfd1 Be6 15. Rd4 Rac8 16. c3 Rc5 17. Rad1
b5 18. f4 Rb8 19. a3 a5 20. R1d2 Kg7 21. Kf2 f6 22. exf6+ Kxf6 23. g3 Bf7 24.
Bd3 $14 {Balashov,Y-Azmaiparashvili,Z/Lvov zt/1990/}) (8... Be6 $5 9. Bf4 Nd5
10. Nxd5 cxd5 11. Re1 Nc6 12. Nxc6 bxc6 13. c3 Qb6 14. Qd2 c5 15. dxc5 Qxc5 16.
Bf3 Rad8 17. Be5 Bxe5 18. Rxe5 Rd6 19. h4 Qc4 20. h5 d4 21. hxg6 hxg6 22. cxd4
Rxd4 $132 {Groszpeter,A-Zaitshik,G/Kecskemet/1983/}) 9. Bf3 (9. Bf4 Nbd7 10.
Re1 Nxe5 11. Bxe5 Qa5 12. Bd3 Bxd3 13. Qxd3 Rfd8 14. Qc4 Rd7 15. Na4 Qd5 16.
Qxd5 Rxd5 17. Nc5 b6 18. Nb3 Rad8 19. c3 Kf8 20. f3 Nh5 21. Bxg7+ Nxg7 22. Kf2
h5 23. Re2 Nf5 24. Rae1 e6 $10 {Alvarez Ibarra-Azmaiparashvili,Z/
Euskadi-Georgia tt/1991/}) 9... Nbd7 10. Bf4 Nb6 $132 11. Qd2 (11. Re1 Nfd5 $10
) 11... Nfd7 12. Ng4 $2 (12. Nxd7 Qxd7 13. Rad1 Rad8 14. Qc1 $10) 12... Bxg4 $1
13. Bxg4 e5 $36 14. Bg5 (14. dxe5 $142 Nxe5 15. Qxd8 Raxd8 $17 {<->d,/^a1-h8})
(14. Bxd7 exf4 $17) 14... Nf6 $1 15. Rad1 (15. Bxf6 Bxf6 $17) 15... Qxd4 16.
Qxd4 exd4 17. Rxd4 $6 (17. Bxf6 Bxf6 18. Ne4 $17) 17... h6 $6 (17... h5 $1 18.
Bf3 (18. Bxf6 Bxf6 19. Rf4 Bxc3 $19) 18... Nh7 19. Be3 Bxd4 20. Bxd4 Ng5 $19)
18. Bxf6 (18. Be3 $5 {/\} c5 19. Rf4 g5 20. Rxf6 Bxf6 21. Bxc5 $132) 18... Bxf6
19. Rb4 Rfd8 20. Rd1 Bxc3 21. bxc3 Rxd1+ 22. Bxd1 Rd8 23. Rb1 Rd5 $17 {_|_ק}
24. Be2 Ra5 25. Rb2 Kf8 26. Kf1 (26. c4 Ke7 {/\Kd6-c7,Ra4}) 26... Ke7 27. Ke1
Kd6 28. Kd2 Kc7 29. Bd3 (29. h4 $5 $17) 29... Rh5 (29... Nd7 $5 {/\Ne5,b5,
Kb6-c5}) 30. h3 Rd5 31. Ke3 Ra5 32. Kd2 g5 {ק} (32... Ra3 $1 33. Rb4 g5 $5 (
33... Rxa2 34. Rf4 f5 35. g4 Nd5 36. Rf3 fxg4 37. hxg4 g5 38. Rh3 $132) 34. h4
(34. Re4 Kd6 35. Rd4+ Ke7 36. Re4+ Kf6) 34... Rxa2 35. Rg4 f6 36. f4 Ra4 $1 $19
) 33. g3 f6 (33... Ra3 $142 $1) 34. Ke3 Na4 35. Rb3 Nc5 36. Rb2 Ra3 37. Kf3 $5
(37. Kd2 Na4 38. Rb4 Rxa2 $19) 37... Rxc3 38. Kg4 Nxd3 39. cxd3 Rxd3 40. Kh5 c5
41. Rc2 $1 (41. Kxh6 c4 42. h4 gxh4 43. gxh4 c3 44. Rc2 Kd6 $19) 41... Kc6 42.
Kxh6 b5 43. Kg6 b4 $5 (43... Rf3 $1 44. h4 gxh4 45. gxh4 c4 46. h5 Kc5 47. h6
b4 48. h7 Rh3 49. Kg7 a5 50. h8=Q Rxh8 51. Kxh8 a4 52. Re2 b3 $19) 44. Kxf6 Kb5
45. Kxg5 c4 46. h4 b3 47. Re2 (47. axb3 cxb3 48. Re2 a5 {-47.Re2}) 47... a5 48.
axb3 cxb3 49. h5 a4 50. h6 a3 51. Re5+ (51. h7 Rd8 52. Re5+ Kc4 53. Re4+ Kc3
54. Re3+ Kc2 55. Re2+ Kd1 $19) 51... Kc4 52. Re4+ Kc3 (52... Kd5 53. h7 $10)
53. Re3 $5 $8 (53. h7 Rd8 54. Re3+ Kc2 {-52.h7}) 53... Rxe3 54. fxe3 b2 55. h7
b1=Q 56. h8=Q+ Kd2 57. Qd4+ (57. Qh2+ Kxe3 {/\a2-+}) 57... Ke2 58. Qc4+ Kf2 (
58... Kxe3 $2 59. Qc5+) 59. Qf4+ Kg2 $19 60. e4 a2 61. Qd2+ Kh1 62. Kg4 $5
Qxe4+ (62... a1=Q 63. Qh6+ Kg2 64. Qd2+ Kf1 65. Qf4+ Ke2 66. Qf3+ Kd2 67. Qf4+
Kd3 68. Qf3+ (68. Qd6+ Ke2) 68... Kd4 $1 69. Qf6+ Kc5 70. Qe7+ Kb6 71. Qd6+ Ka7
$19) 63. Kh3 Qf5+ 64. Kh4 a1=Q $2 (64... Qh7+ 65. Kg4 a1=Q 66. Qd5+ Kg1 67.
Qc5+ Kf1 68. Qc4+ Ke1 $19) 65. Qe1+ $1 Qxe1 $4 {stalemate} (65... Qf1 $142 $19)
1/2-1/2